000 00350nam a2200133Ia 4500
005 20260326100047.0
008 260326s9999||||xx |||||||||||||| ||und||
100 _aRodríguez Viqueira, Manuel
245 0 _aLas Ciudades del encuentro /
_cManuel Rodríguez Viqueira
260 _bGrupo Noriega
300 _a189 p.
650 _aURBANISMO
942 _cBK
999 _c7239
_d7239